Biggest Cities in Moldova - Statistics

General Stats
  • This quiz has been taken 13 times
  • The average score is 5 of 11
Answer Stats
Population City % Correct
671 800 Chișinău
100%
144 800 Bălți
83%
134 827 Tiraspol
83%
39 800 Cahul
42%
92 383 Bender
33%
48 457 Rîbnița
33%
38 200 Ungheni
33%
33 500 Orhei
25%
37 700 Soroca
17%
25 700 Comrat
8%
25 224 Dubăsari
8%
No matching quizzes found
Score Distribution
Percent of People with Each Score
Percentile by Number Answered
Your Score History
You have not taken this quiz